|
|
|
|
| LEADER |
01246nam a2200313 a 4500 |
| 001 |
1963590 |
| 008 |
100114s1988 cau b 001 0 eng d |
| 010 |
|
|
|a 88003159
|
| 020 |
|
|
|a 0803929447 :
|c $29.95
|
| 020 |
|
|
|a 0803929455 (pbk.) :
|c $14.95
|
| 040 |
|
|
|a DLC
|c DLC
|d DLC
|d BD-DhAAL
|
| 082 |
0 |
0 |
|a 302.3/4
|2 19
|
| 100 |
1 |
|
|a Gudykunst, William B.
|
| 245 |
1 |
0 |
|a Culture and interpersonal communication /
|c William B. Gudykunst, Stella Ting-Toomey with Elizabeth Chua.
|
| 260 |
|
|
|a Newbury Park, Calif. :
|b Sage Publications,
|c c1988.
|
| 300 |
|
|
|a 278 p. ;
|c 22 cm.
|
| 490 |
1 |
|
|a Sage series in interpersonal communication ;
|v 8
|
| 504 |
|
|
|a Includes bibliography: (p. 235-273) and index.
|
| 541 |
1 |
|
|e 00004176
|
| 650 |
|
0 |
|a Interpersonal relations.
|
| 650 |
|
0 |
|a Interpersonal communication.
|
| 650 |
|
0 |
|a Culture.
|
| 650 |
|
0 |
|a Intercultural communication.
|
| 700 |
2 |
|
|a Ting-Toomey, Stella.
|
| 700 |
1 |
|
|a Chua, Elizabeth.
|
| 830 |
|
0 |
|a Sage series in interpersonal communication ;
|v v. 8.
|
| 852 |
4 |
|
|a Ayesha Abed Library
|j General Shelf.
|
| 999 |
|
|
|c 6992
|d 6992
|
| 952 |
|
|
|0 0
|1 0
|2 ddc
|4 0
|6 302_340000000000000_GUD_1988
|7 0
|9 7247
|a BRACUL
|b BRACUL
|c GEN
|d 2010-01-17
|g 3723.50
|l 1
|m 10
|o 302.34 GUD
|p 3010004176
|r 2011-08-07
|s 2011-03-31
|t 1
|w 2010-01-17
|y BK
|